000 00306 a2200133 4500
000 nam a22 7a 4500
100 _a Aston Zhang
110 _a Aston Zhang
245 _aDive into Deep Learning
250 _alatest edition
260 _bcambridge
_c2025
264 _bcambridge
_c2025
942 _cBK
999 _c397139
_d397139